Morphometric and histochemical analysis of pretracheal muscles in patients with cervical and retrosternal goitres / (رقم التسجيلة. 70675)

تفاصيل مارك
000 -LEADER
fixed length control field 01258cam a2200289 a 4500
003 - CONTROL NUMBER IDENTIFIER
control field EG-GiCUC
005 - DATE AND TIME OF LATEST TRANSACTION
control field 20250223032221.0
008 - FIXED-LENGTH DATA ELEMENTS--GENERAL INFORMATION
fixed length control field 190306s1997 ua dh f m 000 0 eng d
040 ## - CATALOGING SOURCE
Original cataloging agency EG-GiCUC
Language of cataloging eng
Transcribing agency EG-GiCUC
041 0# - LANGUAGE CODE
Language code of text/sound track or separate title eng
049 ## - LOCAL HOLDINGS (OCLC)
Holding library Deposite
097 ## - Thesis Degree
Thesis Level M.Sc
099 ## - LOCAL FREE-TEXT CALL NUMBER (OCLC)
Classification number Cai01.11.14.M.Sc.1997.Re.M
100 0# - MAIN ENTRY--PERSONAL NAME
Personal name Refaat Nabih Rabi
245 10 - TITLE STATEMENT
Title Morphometric and histochemical analysis of pretracheal muscles in patients with cervical and retrosternal goitres /
Statement of responsibility, etc. Refaat Nabih Rabi ; Supervied Mohammed Kenawi , Zakaria Abdelhameed , Magdy Abdelwahab Haggag
246 15 - VARYING FORM OF TITLE
Title proper/short title مقياس الشكل وتحليل كيمياء النسيج لعضلات أمام الرُغامي في المرضى ذوى الدُراق العنقى وخلف القصى
260 ## - PUBLICATION, DISTRIBUTION, ETC.
Place of publication, distribution, etc. Cairo :
Name of publisher, distributor, etc. Refaat Nabih Rabi ,
Date of publication, distribution, etc. 1997
300 ## - PHYSICAL DESCRIPTION
Extent 87 P. :
Other physical details charts , facsimiles ;
Dimensions 25cm
502 ## - DISSERTATION NOTE
Dissertation note Thesis (M.Sc.) - Cairo University - Faculty of Medicine - Department of General Surgery
700 0# - ADDED ENTRY--PERSONAL NAME
Personal name Magdy Abdelwahab Haggag ,
Relator term
700 0# - ADDED ENTRY--PERSONAL NAME
Personal name Mohammed Kenawi ,
Relator term
700 0# - ADDED ENTRY--PERSONAL NAME
Personal name Zakaria Abdelhameed ,
Relator term
856 ## - ELECTRONIC LOCATION AND ACCESS
Uniform Resource Identifier <a href="http://172.23.153.220/th.pdf">http://172.23.153.220/th.pdf</a>
905 ## - LOCAL DATA ELEMENT E, LDE (RLIN)
Cataloger Nazla
Reviser Revisor
905 ## - LOCAL DATA ELEMENT E, LDE (RLIN)
Cataloger Rania
Reviser Cataloger
942 ## - ADDED ENTRY ELEMENTS (KOHA)
Source of classification or shelving scheme Dewey Decimal Classification
Koha item type Thesis
المقتنيات
Source of classification or shelving scheme Not for loan Home library Current library Date acquired Full call number Barcode Date last seen Koha item type
Dewey Decimal Classification   المكتبة المركزبة الجديدة - جامعة القاهرة قاعة الرسائل الجامعية - الدور الاول 11.02.2024 Cai01.11.14.M.Sc.1997.Re.M 01010110031072000 22.09.2023 Thesis
Cairo University Libraries Portal Implemented & Customized by: Eng. M. Mohamady Contacts: new-lib@cl.cu.edu.eg | cnul@cl.cu.edu.eg
CUCL logo CNUL logo
© All rights reserved — Cairo University Libraries
CUCL logo
Implemented & Customized by: Eng. M. Mohamady Contact: new-lib@cl.cu.edu.eg © All rights reserved — New Central Library
CNUL logo
Implemented & Customized by: Eng. M. Mohamady Contact: cnul@cl.cu.edu.eg © All rights reserved — Cairo National University Library